| 000 | 01144cam a2200325 i 4500 | ||
|---|---|---|---|
| 001 | 19658 | ||
| 003 | Mx-PuUPA | ||
| 005 | 20240410103511.0 | ||
| 008 | 140415s1996 mx fr 001 0 spa d | ||
| 020 | _a9682612918 | ||
| 040 |
_aMx-PuUPA _bspa _cMx-PuUPA _dMx-PuUPA _erda |
||
| 041 | 1 |
_aspa _heng |
|
| 100 | 1 |
_aMarshall, John F., _eautor |
|
| 240 | 1 | 0 |
_aUnderstanding swaps. _lEspañol |
| 245 | 1 | 0 |
_aCómo entender los swaps / _cJohn F. Marshall, Kenneth R. Kapner ; traducción, Ernesto Uranga Flores |
| 250 | _aPrimera edición | ||
| 264 | 1 |
_aMéxico, D.F. : _bCompañía Editorial Continental, _c1996 |
|
| 300 |
_a289 páginas ; _c23 cm |
||
| 336 |
_2rdacontent _atexto _btxt |
||
| 337 |
_2rdamedia _asin medio _bn |
||
| 338 |
_2rdacarrier _avolumen _bnc |
||
| 650 | 7 |
_aInversiones _xPago _2armarc |
|
| 700 | 1 |
_aKapner, Kenneth R., _eautor |
|
| 700 | 1 |
_aUranga Flores, Ernesto, _etraductor |
|
| 765 | 0 | 8 |
_aMarshall, John F., _tUnderstanding swaps. _z0471308277 |
| 942 |
_2ddc _h332.67 _cLI _iM298 |
||
| 999 |
_c19658 _d19658 |
||